000 00459nam a22001817a 4500
003 CEME
005 20210628203117.0
008 210120b xxu||||| |||| 00| 0 eng d
020 _a969-35-0135-7
040 _c.
082 _a954.91042 SAR
100 _aSardar Muhmmad Khan Aziz.
_963368
245 _aHaayaite quaid-i-azam
260 _aLAHORE
_bSANG-E-MEEL PUB
_c2007
300 _a414P
650 _aBIOGRAPHY-QUAID-E-AZAM
_963369
942 _cBK
_2ddc
999 _c572214
_d572214